000 00266nam a22001217a 4500
003 SGT
082 _a519.5, LEV
100 _aLEVINE,DAVID M
245 _aBUSINESS STATISTICS: A FIRST COURSE
250 _a5TH
260 _aNEW DELHI
_bPEARSON
_c2011
942 _2ddc
_cCD
999 _c10771
_d10771